Statistics for City nerd-Asia

Click here to take the quiz!

General Stats

  • This quiz has been taken 17 times
    (4 since last reset)
  • The average score is 60 of 77

Answer Stats

CountryCity% Correct
Agra
100%
Ahmedabad
100%
SyriaAleppo
100%
KazakstanAlmaty
100%
TurkmenistanAshgabat
100%
IraqBaghdad
100%
Beijing
100%
LebanonBeirut
100%
Chennai
100%
Colombo
100%
Damascus
100%
IndiaDelhi
100%
Guangzhou
100%
VietnamHanoi
100%
Hiroshima
100%
Ho chi minh
100%
Hong Kong
100%
Hyderabad
100%
PakistanIslamabad
100%
Jaipur
100%
IndonesiaJakarta
100%
AfghanistanKabul
100%
Karachi
100%
Kolkata
100%
MalaysiaKuala Lumpur
100%
Kyoto
100%
Lahore
100%
PhillipinesManilla
100%
Mecca
100%
Mumbai
100%
Nagasaki
100%
Nur-Sultan
100%
Osaka
100%
Saudi ArabiaRiyadh
100%
South KoreaSeoul
100%
ChinaShanghai
100%
Surabaya
100%
Surat
100%
JapanTokyo
100%
Wuhan
100%
Xian
100%
MyanmarYangon
100%
Bandung
67%
Bangalore
67%
Busan
67%
Chengdu
67%
BangladeshDhaka
67%
Erbil
67%
George town
67%
Hangzhou
67%
Harbin
67%
Jeddah
67%
IsraelJerusalem
67%
Medina
67%
Nagoya
67%
Naypyidaw
67%
Pune
67%
Quezon City
67%
Sapporo
67%
Tel Aviv
67%
Tianjin
67%
Turkmenabat
67%
Xiamen
67%
Basra
33%
Chittagong
33%
Chongqing
33%
Faisalabad
33%
Herat
33%
Jalalabad
33%
Kobe
33%
Lucknow
33%
Medan
33%
Qingdao
33%
Shenyang
33%
Sri LankaSri Jayawardenpura kotte
33%
Tripoli
33%
Haifa
0%

Score Distribution

Percentile by Number Answered

Percent of People with Each Score

Your Score History

You have not taken this quiz since the last reset